00401nam a2200169Ia 4500008004100000082001700041082001400058100001800072245002100090260002700111260000700138300000800145600001800153630002100171700001800192730002100210151121s9999||||xx |||||||||||||| ||und|| a181।3 /Ber bHNW-60569 aBernard Theos aHindu Philosophy b"Jaico Pub।, Bombay" c-- a243 aBernard Theos aHindu Philosophy aBernard Theos aHindu Philosophy